Statistics for Azerbaijan City Quiz

Click here to take the quiz!

General Stats

  • This quiz has been taken 18 times
  • The average score is 3 of 9

Answer Stats

City% Correct
Baku
100%
Ganja
61%
Sumqayit
61%
Nakhchivan
22%
Khirdalan
17%
Mingechevir
17%
Bakikhanov
11%
Garachukur
11%
Shirvan
11%

Score Distribution

Percentile by Number Answered

Percent of People with Each Score

Your Score History

You have not taken this quiz